000 00813nam a2200241Ia 4500
003 OSt
005 20221002054923.0
006 a|||||r|||| 00| 0
007 ta
008 220930b |||||||| |||| 00| 0 pan d
024 _a71075
037 _cReference Collections
040 _aCRL
_cCRL
_bpun
041 _2pun
_apun
082 _aO153,1K15a, K6(RR)
100 _aਜੱਗੀ, ਰਤਨ ਸਿੰਘ, ਥਦ.
245 0 _aਵਾਰਾਂ ਭਾਣੀ ਗੁਰਦਾਸ Fਬਦ ਅਨੁਕ੍ਰਮਣਿਕਾ ਅਤੇ ਕੋF
260 _c1966
650 _a ਪੰਜਾਬੀ ਕਾਵਿ
650 _aਪੰਜਾਬੀ ਸਾਹਿਤ
942 _hO153,1K15a, K6(RR)
_cref
_2CC
999 _c926193
_d926193